000 00465nam a2200169Ia 4500
005 20250605082822.0
008 231217s9999 xx 000 0 und d
020 _a9780195686241
082 _a621.38173 SED;3 R1
100 _aSedra, Adel S Smith, Kenneth C
245 0 _aMicroelectronic circuits
250 _a5th ed
260 _c2004
_bOxford University Press
_aNew Delhi
300 _axxx+1283+IN-14
650 _aMicroelectronic,circuits
942 _cAA
999 _c179900
_d179900